| 000 -ლიდერი |
| ფიქსირებული სიგრძის საკონტროლო ველი |
01981nam a22002537a 4500 |
| 003 - საკონტროლო ნომრის იდენტიფიკატორი |
| საკონტროლო ველი |
Ge_BSU |
| 005 - ბოლო ოპერაციის თარიღი და დრო |
| საკონტროლო ველი |
20251212212029.0 |
| 008 - ფიქსირებული სიგრძის მონაცემთა ელემენტები - ზოგადი ინფორმაცია |
| ფიქსირებული სიგრძის საკონტროლო ველი |
251212s2022 ge ||||| |||| 00| 0 geo d |
| 020 ## - წიგნის საერთაშორისო სტანდარტული ნომერი |
| International Standard Book Number |
9789941980398 |
| 041 ## - ენის კოდი |
| Language code of text/sound track or separate title |
geo |
| 080 ## - უნივერსალური ათობითი კლასიფიკაციის ინდექსი |
| Universal Decimal Classification number |
39(=353.1) : 39(479.22)(092) ქ-27 |
| 245 ## - ცნობა სათაურის შესახებ |
| Title |
მღვდელი პოლიევქტოს კარბელაშვილი / |
| Statement of responsibility, etc |
საქართველოს პარლამენტის ეროვნული ბიბლიოთეკა; რედაქტორები: როზეტა გუჯეჯიანი, მირიან ხოსიტაშვილი; სარედაქციო კოლეგია: ნინო მინდაძე, დარიკო ჟორჟოლიანი, ლუარსაბ ტოგონიძე, ია თაბაგარი, ქეთევან ხუციშვილი. |
| 264 ## - წარმოების, გამოცემის, დისტრიბუციის და სხვა ცნობები |
| გამოცემის, წარმოების, დისტრიბუციის... ადგილი |
თბილისი : |
| გამოცემის, წარმოების, დისტრიბუციის... სახელწოდება |
საქართველოს პარლამენტის ეროვნული ბიბლიოთეკა, |
| გამოცემის, წარმოების, დისტრიბუციის... თარიღი |
2022. |
| 300 ## - ფიზიკური აღწერა |
| Extent |
148 გვ. : |
| Other physical details |
ფოტ. ; |
| Dimensions |
21 სმ. |
| 490 ## - სერიის ცნობა |
| Series statement |
ქართული ეთნოგრაფიული მემკვიდრეობა ; |
| Volume number/sequential designation |
V |
| 504 ## - BIBLIOGRAPHY, ETC. NOTE |
| Bibliography, etc |
ბიბლიოგრაფია ტექსტის შენიშვნებში. |
| 653 ## - INDEX TERM--UNCONTROLLED |
| Uncontrolled term |
კარბელაშვილი, პოლიევქტოს, 1855-1936. |
| 653 ## - INDEX TERM--UNCONTROLLED |
| Uncontrolled term |
ქართული ეთნოგრაფია |
| 653 ## - INDEX TERM--UNCONTROLLED |
| Uncontrolled term |
ქართველი ეთნოგრაფები |
| 700 ## - ADDED ENTRY--PERSONAL NAME |
| Personal name |
გუჯეჯიანი, როზეტა |
| Relator term |
რედაქტორი |
| 9 (RLIN) |
5617 |
| 700 ## - ADDED ENTRY--PERSONAL NAME |
| Personal name |
ხოსიტაშვილი, მირიან |
| Relator term |
რედაქტორი |
| 9 (RLIN) |
26504 |
| 856 ## - ELECTRONIC LOCATION AND ACCESS |
| Uniform Resource Identifier |
https://dspace.nplg.gov.ge/bitstream/1234/420287/1/Mghvdeli_Polievqtos_Karbelashvili.pdf |
| Link text |
ელ. ვერსია |
| 942 ## - ADDED ENTRY ELEMENTS (KOHA) |
| Source of classification or shelving scheme |
|
| Koha item type |
წიგნი |